A carregar...

Annual scientific report of the division of biochemistry & food sciences for the year 1978

Detalhes bibliográficos
Autor principal: ICAR
Idioma:Undetermined
Publicado em: Indian veterinary research institute 1978
Izatnagar
LEADER 00681nam a2200217Ia 4500
008 141122s9999 xx 000 0 und d
040 |c . 
041 |a English 
082 |a 636. 089 201 5 
082 |b ICA/AN 
100 |a  ICAR 
245 |a Annual scientific report of the division of biochemistry & food sciences for the year 1978 
245 |c  ICAR 
260 |b Indian veterinary research institute 
260 |b Izatnagar 
260 |c 1978 
300 |a 22 Pages 
500 |a Reference 
942 |c RE 
999 |c 8792  |d 8792 
952 |0 0  |1 0  |4 0  |6 636__089000000000000_201_5_ICA  |7 0  |9 8750  |a COVAS  |b COVAS  |d 0000-00-00  |o 636. 089 201 5 ICA/AN  |p R 452   |r 2014-11-26  |w 2014-11-26  |y RE